00503nam a22001697a 450000500170000000800410001702000150005808200190007310000220009224501070011425000090022126000530023030000170028365000140030094200060031499900130032020240219023048.0240219b |||||||| |||| 00| 0 eng d a0195643321 222a320.bCIT. aMamdani, Mahmood. aCitizen and subject :bDecentralized Despotism and the legacy of late colonialism /cMahmood, Mamdani. a1st. a New Delhi : boxford university press /c1997. axii, 353 p., apolitics. cL c425d425